| 000 | 00447nam a2200157 a 4500 | ||
|---|---|---|---|
| 005 | 20140412111222.0 | ||
| 008 | 001109s19uu xx 00 eng d | ||
| 020 | _a0-7105-0591-4 | ||
| 050 |
_aM 423.1 _bW924 19-- |
||
| 245 |
_aMy word book / _cillustrated by Lesley McLaren. |
||
| 260 |
_aBridlington, Eng : _bPeter Haddock Ltd, _c199?. |
||
| 300 | _a[24] p. ; ill. | ||
| 650 | _aDictionaries, picture | ||
| 650 | _aWord books | ||
| 999 |
_c101944 _d101944 |
||